|
|
|
|
| LEADER |
00900nam a2200277 4500 |
| 001 |
DLU090000049 |
| 005 |
##20090915 |
| 040 |
# |
# |
|a DLU
|b vie
|
| 041 |
# |
# |
|a vie
|
| 044 |
# |
# |
|a vn
|
| 100 |
# |
# |
|a Đặng Văn Chương,
|c TS.
|
| 245 |
# |
# |
|a Những thương điếm chiến lược của Bồ Đào Nha tại Châu Á (thế kỷ XVI - XVII) /
|c Đặng Văn Chương, Nguyễn Thị Vĩnh Linh.
|
| 653 |
# |
# |
|a Cảng hàng hóa
|
| 653 |
# |
# |
|a Thương gia
|
| 653 |
# |
# |
|a Thương mại quốc tế
|
| 700 |
# |
# |
|a Nguyễn Thị Vĩnh Linh,
|c ThS.
|
| 773 |
# |
# |
|t Nghiên cứu Châu Âu
|g Số 7(106), 2009, tr. 66-79
|
| 920 |
# |
# |
|a Phòng Tạp chí -- Trung tâm Thông tin - Thư viện Trường Đại học Đà Lạt
|
| 994 |
# |
# |
|a DLU
|
| 900 |
# |
# |
|a True
|
| 911 |
# |
# |
|a Nguyễn Thị Linh Chi
|
| 925 |
# |
# |
|a G
|
| 926 |
# |
# |
|a A
|
| 927 |
# |
# |
|a BB
|
| 980 |
# |
# |
|a Thư viện Trường Đại học Đà Lạt
|